Deutsche Bibliothek Frankfurt am Main ein Dialog zwischen Architekten und Bibliothekaren

Bibliographic Details
Main Author: Arat, Mete (Author)
Corporate Authors: Deutsche Bibliothek Frankfurt am Maim, Nemecko (Author), Arat-Kaiser-Kaiser (Compiler)
Other Authors: Lehmann, Klaus-Dieter (Compiler), Kolosa, Ingo (Compiler)
Format: Book
Language:German
PhysicalDescription:130 s. 27 cm
Published: Ostfildern-Ruit Gerd Hatje c1997
ISBN:3775707050
Subjects:

MARC

LEADER 00000nam a2200000 a 4500
001 vtls001377109
003 SK-MaSNL
005 20260302071427.0
008 251124s1997 DE a r 0 ger
020 |a 3775707050  |c [1200,00] 
035 |a SNK000331050 
040 |a SNK  |b slo  |c SNK  |e AACR2 
044 |a DE 
080 |a 025.54:727.8(430-21)  |2 1981 
080 |a 727.8(430-21)  |2 1981 
110 0 |a Deutsche Bibliothek Frankfurt am Maim, Nemecko  |4 aut  |9 733145 
245 1 |a Deutsche Bibliothek Frankfurt am Main  |b ein Dialog zwischen Architekten und Bibliothekaren  |c herausgegeben von Klaus-Dieter Lehmann und Ingo Kolosa in Zusammenarbeit mit Arat-Kaiser-Kaiser ; [Texte: Mete Arat ... [et al.] 
260 |a Ostfildern-Ruit  |b Gerd Hatje  |c c1997 
300 |a 130 s.  |c 27 cm 
610 0 7 |a Deutsche Bibliothek  |a Frankfurt am Main, Nemecko  |x budovy  |x architektúra  |2 SNK  |9 733146 
611 1 7 |a Deutsche Bibliothek  |a Frankfurt am Main, Nemecko  |x budovy  |x architektúra  |2 SNK  |9 733147 
700 1 |a Lehmann, Klaus-Dieter  |4 zos  |9 521026 
700 1 |a Kolosa, Ingo  |4 zos  |9 733148 
700 1 |a Arat, Mete  |4 aut  |9 733149 
710 0 |a Arat-Kaiser-Kaiser  |4 zos  |9 733150 
919 |a 3-7757-0705-0 
999 |c 1152017  |d 1153947 
952 |t P60, <04>, [BOOK], {604}  |a SNK  |b SNK  |y VYP  |7 0  |p 17A0214913  |o snkIB 70054  |i snkV 1625/99  |0 0  |1 0  |4 0  |d 1999-11-30  |l 0  |r 2005-01-02 00:00:00  |w 2026-02-24